000 00341nam a22001577a 4500
003 OSt
005 20211015094656.0
008 211015b |||||||| |||| 00| 0 eng d
020 _a0.030865719
040 _chu
100 _ahart/socolow
_913838
245 _apatlent earth
260 _bnew york
300 _a364
942 _2ddc
_cBOOKS
_n0
999 _c12920
_d12920